000 00832cam a2200229 4500
001 WS118693
008 020704n 000 0 eng u
035 _a(Sirsi) u118693
245 _aAustralian Government's Geoscience Portal
520 _aWeb site giving access to geoscience information from Australian government's at state and federal levels. Includes pages on exploration, data, online maps, legislation and standards. Also give access to various databases of data.
650 _aAUSTRALIA
650 _aINTERNATIONAL
650 _aGOVERNMENT
650 _aMINING
650 _aMINERALS
650 _aCOAL
650 _aPETROLEUM
650 _aPETROLEUM LEASES
690 _aGeomatics
_96242
856 4 0 _uhttps://www.geoscience.gov.au
_zView the website free of charge at www.geoscience.gov.au...
942 _n0
999 _c120071
_d120071